1085 1163 1574 1940 1905 1039 1526 1246 1514 1848 1145 1773 1504 1311 1863 1909 1682 1625 1663 1873 1532 1827 1908 1938 1626 1364 1987 1329 1777 1827 1236 1587 1808 1174 1777 1039 1960 1366 1938 1287 1089 1334 1788 1566 1304 1203 1129 1458 1001 1409 1679 1086 1313 1505 1757 1815 1443 1923 1813 1794 1883 1656 1788 1951 1746 1567 1807 1062 1106 1372 1359 1711 1335 1032 1123 1264 1824 1018 1033 1400 1328 1204 1621 1256 1834 1592 1815 1996 1938 1297 1855 1067 1481 1290 1055 1293 1658 1519 1764 BCNSPRNW ULIB Ver.6.0+V

เปลี่ยนเป็นภาษาไทย

Change to English
 แสดงรายละเอียดบรรณานุกรม
  กลับหน้าหลัก

Brief Record : Get Marc (ISO 2709) : E-mail record : QR code < ปิดหน้าต่าง
LEADER : 00000nam 2200000uu 4500
001    13399110586
003     ULIB
008    110603s2553||||th 000 0 tha d
020    9789744141620
050  4 PE1130^bส867พ2553
100 0  สุรีรัตน์ ทองอินทร์
245 00 พูดภาษาอังกฤษขั้นเทพ^xSpeak English^cสุรีรัตน์ ทองอินทร์
246 0  Speak English
260    กรุงเทพฯ:^bบิสคิต,^c2553
300    147 หน้า :^bภาพประกอบ,^c21 ซม
650  7 ภาษาอังกฤษ^xการพูด
945    ^p175^l0^i18219
995    เกษร
999    ^aใช้งานได้ทุกระบบ
รายการนี้ยังไม่มีแท็ก
คุณยังไม่ได้ล็อกอิน คุณสามารถมีกิจกรรมร่วมกับเว็บไซต์ได้ แต่ต้องล็อกอินก่อน ::
  ล็อกอิน

รายการสื่อสารสนเทศ

ลำดับที่ ประเภท เลขเรียก/บาร์โค้ด สถานที่ สถานะ
- ไม่พบข้อมูล -

รายการใกล้เคียง
    ผู้แต่ง [สุรีรัตน์ ทองอินทร์]

BibComment


ยังไม่เคยถูกคอมเมนท์

คอมเมนท์ทรัพยากรรายการนี้
  คอมเมนท์: พูดภาษาอังกฤษขั้น..


 Copyright 2026. Bcnsprnw @Library